000 00262nam a2200097Ia 4500
005 20250424112856.0
008 250424s9999 xx 000 0 und d
300 _a77 p. :ill. ; 24 cm.
650 _aLandscape ecology--Periodicals. Landscape ecology.
942 _cSR
999 _c37639
_d37639